[Event "Spanish Championship"]
[Site "Las Palmas Gran Canaria"]
[Date "2017.09.30"]
[Round "2"]
[White "Jimenez Almeida, Luis David"]
[Black "Salgado Lopez, Ivan"]
[Result "0-1"]
[BlackTitle "GM"]
[WhiteElo "2260"]
[BlackElo "2627"]
[Board "2"]
[WhiteCountry "ESP"]
[WhiteFideId "22242244"]
[WhiteEloChange "-2"]
[BlackCountry "ESP"]
[BlackFideId "2257327"]
[BlackEloChange "1"]

1. Nf3 b6 2. d4 Bb7 3. Bg5 Nf6 4. Nbd2 g6 5. Bxf6 exf6 6. g3 Bg7 7. Bg2 f5
8. O-O O-O 9. e3 d5 10. c4 Nd7 11. b4 dxc4 12. Nxc4 Nf6 13. Rc1 Ne4 14.
Nfd2 Qe7 15. Nxe4 fxe4 16. Qc2 Rfc8 17. Rfd1 f5 18. a3 Bd5 19. Bf1 c6 20.
Nd2 b5 21. Nb3 Rf8 22. Na5 Rf6 23. Nb3 g5 24. Nc5 f4 25. exf4 gxf4 26. Re1
e3 27. fxe3 fxg3 28. hxg3 Rf3 0-1

[Event "Spanish Championship"]
[Site "Las Palmas Gran Canaria"]
[Date "2017.09.30"]
[Round "2"]
[White "Perez Candelario, Manuel"]
[Black "Garcia Blanco, Omar"]
[Result "1/2-1/2"]
[WhiteTitle "GM"]
[BlackTitle "FM"]
[WhiteElo "2591"]
[BlackElo "2241"]
[Board "3"]
[WhiteCountry "ESP"]
[WhiteFideId "2210622"]
[WhiteEloChange "-4"]
[BlackCountry "ESP"]
[BlackFideId "2287153"]
[BlackEloChange "8"]

1. e4 c5 2. Nf3 e6 3. d4 cxd4 4. Nxd4 Nc6 5. Nc3 Qc7 6. Be3 a6 7. a3 Nf6 8.
f4 d5 9. e5 Nd7 10. Qd2 Nxd4 11. Bxd4 b5 12. Bd3 Bc5 13. Ne2 Nb6 14. b3
Bxd4 15. Nxd4 O-O 16. O-O Nd7 17. Qe3 Nc5 18. b4 Ne4 19. a4 Bd7 20. axb5
axb5 21. Nb3 Ra4 22. Bxe4 dxe4 23. Nc5 Rxa1 24. Rxa1 Bc6 25. Nxe4 Bxe4 26.
Qxe4 g6 27. Ra5 Rd8 28. Ra8 Rxa8 29. Qxa8+ Kg7 30. Qe4 Qc3 31. Kf2 h5 32.
Ke2 Kg8 33. g3 Kg7 34. Kf2 Kg8 35. Kg2 Kg7 36. Kh3 Qd2 37. Qd3 Qxb4 38. Qd8
Qc4 39. Qf6+ Kg8 40. Qd8+ Kg7 41. Qf6+ Kg8 42. Qd8+ 1/2-1/2

[Event "Spanish Championship"]
[Site "Las Palmas Gran Canaria"]
[Date "2017.09.30"]
[Round "2"]
[White "Garcia Romero, Benjamin Abel"]
[Black "Vazquez Igarza, Renier"]
[Result "0-1"]
[BlackTitle "GM"]
[WhiteElo "2239"]
[BlackElo "2578"]
[Board "4"]
[WhiteCountry "ESP"]
[WhiteFideId "2221926"]
[WhiteEloChange "-2"]
[BlackCountry "ESP"]
[BlackFideId "3503054"]
[BlackEloChange "1"]

1. Nf3 Nf6 2. d4 d5 3. c4 c6 4. e3 Bf5 5. Nc3 e6 6. Nh4 Be4 7. f3 Bg6 8. g3
c5 9. cxd5 exd5 10. Bb5+ Nc6 11. Qe2 Be7 12. O-O O-O 13. Nxg6 hxg6 14. Rd1
Re8 15. Qf2 a6 16. Bxc6 bxc6 17. b3 g5 18. g4 Bd6 19. Na4 cxd4 20. exd4 Nh7
21. Nc5 Qf6 22. Bd2 Nf8 23. Re1 Bxc5 24. dxc5 Ng6 25. Rxe8+ Rxe8 26. Re1
Rxe1+ 27. Bxe1 Nh4 28. f4 Qe6 29. fxg5 Qxg4+ 30. Kf1 Nf3 31. h4 d4 0-1

[Event "Spanish Championship"]
[Site "Las Palmas Gran Canaria"]
[Date "2017.09.30"]
[Round "2"]
[White "Ibarra Jerez, Jose Carlos"]
[Black "Ramirez Medina, Victor"]
[Result "1-0"]
[WhiteTitle "GM"]
[WhiteElo "2561"]
[BlackElo "2228"]
[Board "5"]
[WhiteCountry "ESP"]
[WhiteFideId "2226332"]
[WhiteEloChange "1"]
[BlackCountry "ESP"]
[BlackFideId "22286942"]
[BlackEloChange "-3"]

1. e4 d6 2. d4 Nf6 3. Nc3 e5 4. Nf3 Nbd7 5. Bc4 Be7 6. a4 O-O 7. O-O c6 8.
Re1 a5 9. h3 Nb6 10. Bb3 Nfd7 11. Be3 exd4 12. Bxd4 Nc5 13. Bxc5 dxc5 14.
Qe2 Qd6 15. Qe3 Qg6 16. Ne2 Ra6 17. Nd2 Qg5 18. f4 Qh6 19. Rf1 Be6 20. Bxe6
Qxe6 21. b3 c4 22. Kh1 cxb3 23. cxb3 Bb4 24. Nf3 Qe7 25. e5 Qc5 26. Nfd4 g6
27. f5 Re8 28. e6 fxe6 29. f6 Rf8 30. f7+ 1-0

[Event "Spanish Championship"]
[Site "Las Palmas Gran Canaria"]
[Date "2017.09.30"]
[Round "2"]
[White "Serarols Mabras, Bernat"]
[Black "Korneev, Oleg"]
[Result "0-1"]
[WhiteTitle "FM"]
[BlackTitle "GM"]
[WhiteElo "2218"]
[BlackElo "2550"]
[Board "6"]
[WhiteCountry "ESP"]
[WhiteFideId "2238276"]
[WhiteEloChange "-3"]
[BlackCountry "ESP"]
[BlackFideId "4156803"]
[BlackEloChange "1"]

1. d4 d5 2. c4 c6 3. Nf3 Nf6 4. e3 Bg4 5. h3 Bh5 6. g4 Bg6 7. Ne5 Nbd7 8.
Nxg6 hxg6 9. Bg2 e6 10. Nd2 g5 11. O-O Be7 12. Re1 O-O 13. Qb3 Qb6 14. Qc2
Rfe8 15. c5 Qc7 16. Rb1 e5 17. b4 a6 18. a4 exd4 19. exd4 Nf8 20. Nf3 Ne4
21. Ne5 Ne6 22. Be3 a5 23. f3 Nf6 24. Nd3 axb4 25. Rxb4 Nd7 26. Reb1 Ra7
27. Qd2 Rea8 28. f4 Rxa4 29. Rxb7 Qc8 30. Ne5 gxf4 31. Nxd7 fxe3 32. Qxe3
Ra1 33. Qb3 Nd8 0-1

[Event "Spanish Championship"]
[Site "Las Palmas Gran Canaria"]
[Date "2017.09.30"]
[Round "2"]
[White "Forcen Esteban, Daniel"]
[Black "Gomez Dieguez, David"]
[Result "1-0"]
[WhiteTitle "GM"]
[WhiteElo "2528"]
[BlackElo "2207"]
[Board "7"]
[WhiteCountry "ESP"]
[WhiteFideId "2288230"]
[WhiteEloChange "1"]
[BlackCountry "ESP"]
[BlackFideId "22223630"]
[BlackEloChange "-3"]

1. d4 Nf6 2. Nf3 c5 3. d5 b5 4. Bg5 Qb6 5. a4 b4 6. a5 Qd6 7. c4 Qc7 8.
Nbd2 d6 9. e4 Bg4 10. h3 Bxf3 11. Qxf3 Nbd7 12. Be2 a6 13. O-O h6 14. Be3
O-O-O 15. h4 g5 16. Qg3 Rg8 17. f4 gxf4 18. Qxf4 Kb8 19. Qf5 Ne5 20. Bf4
Nfd7 21. Ra2 Bg7 22. h5 Rh8 23. Rf2 Bf6 24. Nf1 Rdg8 25. Ne3 Bg5 26. Bxg5
Rxg5 27. Qh3 Nf6 28. Rf4 Rhg8 29. Nf5 Qd7 30. Qh2 Nxe4 31. Nxh6 Ng3 32. b3
R8g7 33. Bd1 1-0

[Event "Spanish Championship"]
[Site "Las Palmas Gran Canaria"]
[Date "2017.09.30"]
[Round "2"]
[White "Cao Armillas, Jesus"]
[Black "Del Rio De Angelis, Salvador G."]
[Result "0-1"]
[BlackTitle "GM"]
[WhiteElo "2204"]
[BlackElo "2524"]
[Board "8"]
[WhiteCountry "ESP"]
[WhiteFideId "2212269"]
[WhiteEloChange "-3"]
[BlackCountry "ESP"]
[BlackFideId "2203138"]
[BlackEloChange "1"]

1. d4 d6 2. c4 Nf6 3. g3 Nbd7 4. Bg2 e5 5. Nf3 c6 6. Nc3 e4 7. Ng5 d5 8.
cxd5 cxd5 9. Qb3 h6 10. Nh3 Nb6 11. O-O Be7 12. f3 O-O 13. a4 a5 14. Kh1
Bb4 15. Na2 Bd6 16. Nc3 Re8 17. Nb5 Bb8 18. Nf2 Ra6 19. Nc3 Nh5 20. fxe4
Nxg3+ 21. Kg1 Nxf1 22. Kxf1 dxe4 23. Ncxe4 Qxd4 24. Be3 Qc4 25. Qa3 Nd5 26.
Bd2 Bf4 27. Rc1 Qd4 28. Bxf4 Nxf4 29. Bf3 Bh3+ 30. Nxh3 Nxh3 31. e3 Qe5 32.
Rc2 Qf5 33. Ke1 0-1

[Event "Spanish Championship"]
[Site "Las Palmas Gran Canaria"]
[Date "2017.09.30"]
[Round "2"]
[White "Santos Latasa, Jaime"]
[Black "Gil Quilez, David"]
[Result "1-0"]
[WhiteTitle "IM"]
[WhiteElo "2523"]
[BlackElo "2197"]
[Board "9"]
[WhiteCountry "ESP"]
[WhiteFideId "2293307"]
[WhiteEloChange "1"]
[BlackCountry "ESP"]
[BlackFideId "2281406"]
[BlackEloChange "-3"]

1. e4 e5 2. Nf3 Nc6 3. Bc4 Bc5 4. O-O Nf6 5. d3 h6 6. c3 d6 7. Bb3 O-O 8.
Nbd2 Re8 9. Re1 a6 10. Nf1 Be6 11. Bxe6 fxe6 12. b4 Bb6 13. Be3 Bxe3 14.
Nxe3 d5 15. Qb3 Qd6 16. a3 Kh7 17. Rad1 b5 18. exd5 exd5 19. c4 Rad8 20.
Qc2 d4 21. Nf5 Qe6 22. Ng3 bxc4 23. dxc4+ e4 24. b5 d3 25. Qc3 Nb8 26. Nd2
Qg4 27. h3 Qf4 28. Ndf1 h5 29. Ne3 g6 30. a4 Rf8 31. Rd2 h4 32. Ngf1 Nbd7
33. bxa6 Ne5 34. a7 Nc6 35. Nd5 Nxd5 36. cxd5 Nxa7 37. Ne3 Qd6 38. Rb2 c6
39. Rb7+ Rd7 40. dxc6 Nxc6 41. Nc4 Qe6 42. Rxe4 Qf5 43. Rxd7+ Qxd7 44.
Rxh4+ Kg8 1-0

[Event "Spanish Championship"]
[Site "Las Palmas Gran Canaria"]
[Date "2017.09.30"]
[Round "2"]
[White "Korneev Leskova, Svyatoslav"]
[Black "Asis Gargatagli, Hipolito"]
[Result "0-1"]
[BlackTitle "IM"]
[WhiteElo "2168"]
[BlackElo "2519"]
[Board "10"]
[WhiteCountry "ESP"]
[WhiteFideId "22267565"]
[WhiteEloChange "-2"]
[BlackCountry "ESP"]
[BlackFideId "2260735"]
[BlackEloChange "1"]

1. c4 g6 2. g3 Bg7 3. Bg2 c5 4. Nc3 Nc6 5. Nf3 d6 6. d3 e6 7. O-O Nge7 8.
Bd2 b6 9. Qc1 h6 10. a3 Bb7 11. e4 Qd7 12. Rb1 g5 13. h3 f5 14. exf5 Nxf5
15. Re1 O-O 16. Ne2 Rf7 17. Bc3 Raf8 18. Rf1 d5 19. g4 d4 20. Be1 Nfe7 21.
Nd2 Ne5 22. Qc2 Bxg2 23. Kxg2 Qc6+ 24. Ne4 Rf3 25. b4 Nxd3 26. N2g3 Rxg3+
27. fxg3 Qxe4+ 28. Kg1 Rxf1+ 29. Kxf1 Qf3+ 30. Kg1 Nxe1 31. Rxe1 d3 32. Qg2
d2 33. Qxd2 Bd4+ 34. Kh2 Bf2 35. Qd6 Bxe1 36. Qxe6+ Kf8 37. Qxe1 Qxa3 38.
bxc5 Qxc5 39. Qe6 Qc6 40. Qe5 Qxc4 41. Qf6+ Ke8 42. Qxh6 Qe2+ 43. Kg1 Qc4
0-1

[Event "Spanish Championship"]
[Site "Las Palmas Gran Canaria"]
[Date "2017.09.30"]
[Round "2"]
[White "Arizmendi Martinez, Julen Luis"]
[Black "Rey Malde, Henrique"]
[Result "1-0"]
[WhiteTitle "GM"]
[WhiteElo "2513"]
[BlackElo "2184"]
[Board "11"]
[WhiteCountry "ESP"]
[WhiteFideId "2205092"]
[WhiteEloChange "1"]
[BlackCountry "ESP"]
[BlackFideId "2244969"]
[BlackEloChange "-3"]

1. e4 c5 2. Nf3 d6 3. d4 cxd4 4. Nxd4 Nf6 5. Nc3 g6 6. Bc4 Bg7 7. O-O O-O
8. Re1 Nc6 9. Bb3 Bd7 10. Nf3 Rc8 11. h3 a6 12. Nd5 Nxd5 13. exd5 Ne5 14.
Nxe5 Bxe5 15. c3 Bf6 16. Be3 Re8 17. Bd4 Bxd4 18. Qxd4 e5 19. dxe6 Bxe6 20.
Bxe6 Rxe6 21. Rxe6 fxe6 22. Rd1 Rc6 23. h4 Qa5 24. Qf6 Qf5 25. Qd8+ Kg7 26.
Qd7+ Qf7 27. Rxd6 Rxd6 28. Qxd6 Qf5 29. Qc7+ Kh6 30. Qxb7 Qb1+ 31. Kh2 Qxa2
32. Qf7 Qc4 33. g3 Qe2 34. Qf8+ Kh5 35. Qf4 h6 36. Kg2 g5 37. hxg5 1-0

[Event "Spanish Championship"]
[Site "Las Palmas Gran Canaria"]
[Date "2017.09.30"]
[Round "2"]
[White "Vega Gutierrez, Belinda"]
[Black "Santos Ruiz, Miguel"]
[Result "1/2-1/2"]
[WhiteTitle "WIM"]
[BlackTitle "IM"]
[WhiteElo "2150"]
[BlackElo "2505"]
[Board "12"]
[WhiteCountry "ESP"]
[WhiteFideId "2229994"]
[WhiteEloChange "8"]
[BlackCountry "ESP"]
[BlackFideId "22291482"]
[BlackEloChange "-4"]

1. e4 c5 2. Nf3 d6 3. d4 cxd4 4. Nxd4 Nf6 5. Nc3 a6 6. h3 e5 7. Nde2 h5 8.
Bg5 Be6 9. Bxf6 Qxf6 10. Nd5 Qd8 11. Nec3 g6 12. Bc4 Bh6 13. Bb3 Nc6 14.
O-O O-O 15. Qd3 Rc8 16. Rad1 Kh8 17. Ne2 Na5 18. Ne3 Nxb3 19. cxb3 Qb6 20.
Nd5 Qc5 21. Nec3 b5 22. b4 Qc4 23. a3 Qxd3 24. Rxd3 Bg5 25. Rfd1 Rc6 26.
Ne3 Rd8 27. Ncd5 Bxd5 28. Nxd5 Rc2 29. Nc3 Rxb2 30. Rxd6 Bf4 1/2-1/2

[Event "Spanish Championship"]
[Site "Las Palmas Gran Canaria"]
[Date "2017.09.30"]
[Round "2"]
[White "Suarez Gomez, Julio"]
[Black "Sanchez Jerez, Emilio Miguel"]
[Result "1-0"]
[WhiteTitle "FM"]
[BlackTitle "FM"]
[WhiteElo "2485"]
[BlackElo "2140"]
[Board "13"]
[WhiteCountry "ESP"]
[WhiteFideId "22275991"]
[WhiteEloChange "1"]
[BlackCountry "ESP"]
[BlackFideId "2256088"]
[BlackEloChange "-2"]

1. d4 d6 2. Nf3 Nf6 3. Nc3 Bf5 4. Nh4 Bd7 5. e4 e5 6. Nf3 exd4 7. Nxd4 Be7
8. Be2 O-O 9. O-O Re8 10. Re1 Nc6 11. Bf4 Bf8 12. Bf1 a6 13. a3 g6 14. h3
Bg7 15. Nf3 b5 16. Qd2 Rb8 17. Bg5 Qc8 18. Rad1 Be6 19. b3 Qb7 20. Nd5 Bxd5
21. exd5 Ne5 22. Nxe5 Rxe5 23. Rxe5 dxe5 24. Qd3 Ne8 25. c4 Nd6 26. g4 bxc4
27. bxc4 e4 28. Qc2 f5 29. gxf5 gxf5 30. Bf4 Nf7 31. c5 Be5 32. Bxe5 Nxe5
33. Qc3 Nf3+ 34. Kh1 Kf7 35. d6 cxd6 36. Rxd6 Qb2 37. Qc4+ Kf8 38. Qe6 Kg7
39. Rd7+ Kh8 40. Qxf5 Ng5 41. Qxg5 Qa1 42. Rd8+ Rxd8 43. Qxd8+ Kg7 44. Qg5+
Kh8 45. Kg2 1-0

[Event "Spanish Championship"]
[Site "Las Palmas Gran Canaria"]
[Date "2017.09.30"]
[Round "2"]
[White "Perera Borrego, Maria Adela"]
[Black "Cuenca Jimenez, Jose Fernando"]
[Result "0-1"]
[WhiteTitle "WFM"]
[BlackTitle "GM"]
[WhiteElo "2140"]
[BlackElo "2490"]
[Board "14"]
[WhiteCountry "ESP"]
[WhiteFideId "22238255"]
[WhiteEloChange "-2"]
[BlackCountry "ESP"]
[BlackFideId "2255570"]
[BlackEloChange "1"]

1. d4 Nf6 2. Nf3 g6 3. Bf4 Bg7 4. e3 O-O 5. Be2 c5 6. c3 d6 7. h3 b6 8. O-O
Bb7 9. Nbd2 Nbd7 10. a4 a6 11. Bh2 Ra7 12. Qb3 Qa8 13. Rfc1 Ne4 14. Nxe4
Bxe4 15. Ne1 Rc7 16. Qa3 Rfc8 17. b4 a5 18. bxc5 bxc5 19. Bg3 Nb6 20. f3
Bd5 21. c4 Qa6 22. Qa2 Be6 23. d5 Bxa1 24. dxe6 Bf6 25. exf7+ Kxf7 26. f4
Rb8 27. f5 Nd7 28. fxg6+ hxg6 29. Nd3 Rcb7 30. Qc2 Nf8 31. h4 Rb3 32. Rf1
Qb6 33. h5 Rb1 34. hxg6+ Nxg6 35. Bd1 Qb3 36. Qe2 Rxd1 37. Rxd1 Qxc4 38.
Qh5 Rh8 39. Qf3 Kg7 40. Nf4 Nxf4 41. Bxf4 Qf7 42. Rb1 Qh5 43. Qg3+ Kf7 44.
Qh2 Qg6 0-1

[Event "Spanish Championship"]
[Site "Las Palmas Gran Canaria"]
[Date "2017.09.30"]
[Round "2"]
[White "Castellanos Rodriguez, Renier"]
[Black "Vila Dupla, Aurelio"]
[Result "1-0"]
[WhiteTitle "IM"]
[BlackTitle "FM"]
[WhiteElo "2481"]
[BlackElo "2139"]
[Board "15"]
[WhiteCountry "ESP"]
[WhiteFideId "3404650"]
[WhiteEloChange "1"]
[BlackCountry "ESP"]
[BlackFideId "2203383"]
[BlackEloChange "-2"]

1. e4 c5 2. Nf3 d6 3. d4 cxd4 4. Qxd4 Nc6 5. Bb5 Bd7 6. Qd3 g6 7. O-O Bg7
8. c4 Nf6 9. Nc3 O-O 10. h3 a6 11. Bxc6 Bxc6 12. Be3 Rc8 13. Nd4 Bd7 14. a4
Qa5 15. b3 Qh5 16. Nde2 Bc6 17. Rab1 Nd7 18. f3 f5 19. exf5 Qxf5 20. Qd2
Ne5 21. f4 Nd7 22. Nd4 Bxd4 23. Bxd4 Nc5 24. Qe3 Ne6 25. g4 Qf7 26. Ne2
Nxd4 27. Nxd4 Bd7 28. Rbe1 Rce8 29. f5 Qg7 30. Ne6 Bxe6 31. Qxe6+ Kh8 32.
f6 1-0

[Event "Spanish Championship"]
[Site "Las Palmas Gran Canaria"]
[Date "2017.09.30"]
[Round "2"]
[White "Morales Araujo, Francisco Javier"]
[Black "Suarez Garcia, Carlos"]
[Result "0-1"]
[BlackTitle "IM"]
[WhiteElo "2134"]
[BlackElo "2463"]
[Board "16"]
[WhiteCountry "ESP"]
[WhiteFideId "2265990"]
[WhiteEloChange "-3"]
[BlackCountry "ESP"]
[BlackFideId "22230858"]
[BlackEloChange "1"]

1. f4 d5 2. Nf3 g6 3. g3 Bg7 4. Bg2 c6 5. c3 Nd7 6. O-O Ngf6 7. d3 O-O 8.
Na3 Re8 9. Nh4 e5 10. f5 g5 11. Bxg5 Qb6+ 12. Kh1 Qxb2 13. Qb3 Qxe2 14. Rf3
Nc5 15. Qb1 Ng4 16. h3 e4 17. Rf4 Nf2+ 18. Kg1 Ncxd3 19. Bf1 Qh5 0-1

[Event "Spanish Championship"]
[Site "Las Palmas Gran Canaria"]
[Date "2017.09.30"]
[Round "2"]
[White "Moreno Ruiz, Javier"]
[Black "Alcoba, Pablo Alejandro"]
[Result "1/2-1/2"]
[WhiteTitle "IM"]
[WhiteElo "2464"]
[BlackElo "2131"]
[Board "17"]
[WhiteCountry "ESP"]
[WhiteFideId "2203146"]
[WhiteEloChange "-4"]
[BlackCountry "ESP"]
[BlackFideId "32001304"]
[BlackEloChange "7"]

1. d4 d5 2. c4 e6 3. Nc3 Nf6 4. cxd5 exd5 5. Bg5 Be7 6. e3 c6 7. Qc2 O-O 8.
Bd3 Nbd7 9. Nf3 Re8 10. h3 Nf8 11. Bf4 Bd6 12. Bxd6 Qxd6 13. O-O-O Be6 14.
Kb1 Rac8 15. g4 c5 16. dxc5 Rxc5 17. Nd4 a6 18. f4 b5 19. Qf2 Bd7 20. g5 b4
21. Nce2 Ne4 22. Bxe4 dxe4 23. Ng3 Rd5 24. Qc2 Ng6 25. Ndf5 Bxf5 26. Nxf5
Qd7 27. Rxd5 Qxd5 28. Ng3 Qd3 29. Qxd3 exd3 30. Nf5 Ne7 31. Nd6 Rd8 32. Nc4
Nf5 33. Rd1 f6 34. gxf6 gxf6 35. b3 Kf7 36. Nb2 Nxe3 37. Rxd3 Rxd3 38. Nxd3
Nd5 39. Kc2 Kg6 40. Nc5 a5 41. Nb7 Kh5 42. Kd3 Kh4 43. Ke4 Ne7 44. Nxa5
Kxh3 45. Kf3 h5 46. Nc4 Nd5 47. a3 bxa3 48. Nxa3 Kh2 49. Nc2 h4 50. b4 h3
51. Kf2 Nxf4 52. b5 Nd3+ 53. Kf3 Kg1 54. Nd4 h2 55. Ne2+ Kf1 56. Ng3+ Ke1
57. Kg2 Nc5 58. b6 Nb7 59. Kxh2 Kd2 1/2-1/2

[Event "Spanish Championship"]
[Site "Las Palmas Gran Canaria"]
[Date "2017.09.30"]
[Round "2"]
[White "Menvielle Laccourreye, Augusto"]
[Black "Narciso Dublan, Marc"]
[Result "0-1"]
[WhiteTitle "FM"]
[BlackTitle "GM"]
[WhiteElo "2123"]
[BlackElo "2459"]
[Board "18"]
[WhiteCountry "ESP"]
[WhiteFideId "2200317"]
[WhiteEloChange "-3"]
[BlackCountry "ESP"]
[BlackFideId "2201500"]
[BlackEloChange "1"]

1. e4 d6 2. d4 Nf6 3. Nc3 g6 4. Bg5 Bg7 5. Nf3 O-O 6. Be2 Nbd7 7. O-O c6 8.
Re1 Qc7 9. Bf1 e5 10. Qd2 Re8 11. dxe5 dxe5 12. Rad1 Bf8 13. Bc4 b5 14. Bd3
Be7 15. Bf1 Bb7 16. h3 Nc5 17. Bxf6 Bxf6 18. Qh6 Qe7 19. Qe3 Ne6 20. Rd2 a5
21. Red1 Qc5 22. Qxc5 Nxc5 23. Bd3 Bc8 24. Ne2 Be6 25. Nc1 Na4 26. c3 Red8
27. Be2 Rxd2 28. Rxd2 Nc5 29. Bd3 Kf8 30. Bc2 Ke7 31. b3 a4 32. b4 Nd7 33.
Bd3 Nb6 34. Kf1 h5 35. Rc2 Rd8 36. Ke2 a3 37. Nb3 Na4 38. Nfd2 Nb2 39. Nc1
Bg5 40. h4 Bxh4 41. Nb1 Bg5 0-1

[Event "Spanish Championship"]
[Site "Las Palmas Gran Canaria"]
[Date "2017.09.30"]
[Round "2"]
[White "Espinosa Aranda, Angel"]
[Black "Cruz Pino, Adrian"]
[Result "1/2-1/2"]
[WhiteTitle "IM"]
[WhiteElo "2453"]
[BlackElo "2115"]
[Board "19"]
[WhiteCountry "ESP"]
[WhiteFideId "2278189"]
[WhiteEloChange "-4"]
[BlackCountry "ESP"]
[BlackFideId "32004389"]
[BlackEloChange "7"]

1. Nf3 g6 2. e4 Bg7 3. d4 c6 4. c4 d5 5. cxd5 cxd5 6. e5 Nc6 7. Nc3 Nh6 8.
Bb5 O-O 9. Bxc6 bxc6 10. O-O f6 11. Qa4 Qb6 12. h3 Nf7 13. exf6 exf6 14.
Re1 g5 15. Qa3 Rd8 16. Na4 Qa6 17. Qb3 Bf5 18. Nc5 Qc8 19. Bd2 Nd6 20. Ba5
Re8 21. Rxe8+ Qxe8 22. Re1 Qc8 23. Re7 Nb5 24. a4 Bf8 25. Qe3 Bxe7 26. Qxe7
Qf8 27. Qxf8+ Kxf8 28. axb5 cxb5 29. g4 Bg6 30. Ne6+ Kg8 31. Nc7 Rc8 32.
Nxd5 Rc1+ 33. Kg2 Kf7 34. Kg3 Be4 35. Nc3 Ra1 36. Bd8 Bxf3 37. Kxf3 b4 38.
Ne4 Rb1 39. Bxf6 Rxb2 40. d5 Rb3+ 41. Ke2 Ra3 42. d6 Ke6 43. Be7 Ra5 44.
Kd2 h6 45. Kc2 Re5 46. f3 a5 47. Kb3 Rd5 48. Kc4 Rd1 49. Nc5+ Kf7 50. Nb7
b3 51. Kc3 a4 52. Na5 Rd5 53. Nb7 b2 54. Kxb2 Rb5+ 55. Ka3 Rxb7 56. Kxa4
Rb1 57. h4 gxh4 58. Bxh4 Ke6 59. Bg3 Rg1 60. Bf4 Rf1 61. Bxh6 Ke5 1/2-1/2

[Event "Spanish Championship"]
[Site "Las Palmas Gran Canaria"]
[Date "2017.09.30"]
[Round "2"]
[White "Iturbide Arnedo, Oscar"]
[Black "Cruz Lledo, Pablo"]
[Result "0-1"]
[BlackTitle "IM"]
[WhiteElo "2111"]
[BlackElo "2432"]
[Board "20"]
[WhiteCountry "ESP"]
[WhiteFideId "2293994"]
[WhiteEloChange "-3"]
[BlackCountry "ESP"]
[BlackFideId "2297361"]
[BlackEloChange "1"]

1. e4 c6 2. d4 g6 3. Nc3 d5 4. e5 Bg7 5. f4 Nh6 6. Nf3 f6 7. Be2 Bg4 8. Be3
O-O 9. O-O Nd7 10. Qd2 Rc8 11. a4 Bxf3 12. Bxf3 e6 13. Rae1 Nf5 14. Bf2
fxe5 15. dxe5 Bh6 16. g3 g5 17. g4 Ne7 18. f5 exf5 19. gxf5 Nxf5 20. Bg4
Bg7 21. e6 Ne5 22. e7 Qxe7 23. Bxa7 Nh4 24. Bxc8 Nhf3+ 25. Rxf3 Nxf3+ 26.
Kh1 Nxe1 27. Bh3 g4 28. Bg2 Nxg2 29. Kxg2 d4 30. Bxd4 Rd8 0-1

[Event "Spanish Championship"]
[Site "Las Palmas Gran Canaria"]
[Date "2017.09.30"]
[Round "2"]
[White "Ladron De Guevara Pinto, Paolo"]
[Black "Barrenechea Bahamonde, Gustavo"]
[Result "1/2-1/2"]
[WhiteTitle "FM"]
[WhiteElo "2414"]
[BlackElo "2110"]
[Board "21"]
[WhiteCountry "ESP"]
[WhiteFideId "2290847"]
[WhiteEloChange "-4"]
[BlackCountry "ESP"]
[BlackFideId "2254425"]
[BlackEloChange "7"]

1. Nf3 c5 2. e4 Nc6 3. d4 cxd4 4. Nxd4 g6 5. Nc3 Bg7 6. Be3 Nf6 7. Bc4 O-O
8. Bb3 d5 9. exd5 Na5 10. Qf3 Nxb3 11. axb3 Bg4 12. Qg3 Bh5 13. d6 Ng4 14.
O-O-O Qa5 15. dxe7 Rfe8 16. Bf4 Qa1+ 17. Nb1 Rxe7 18. c3 Rae8 19. f3 Ne3
20. Bxe3 Rxe3 21. Nc2 Bh6 22. Nxe3 Bxe3+ 23. Kc2 g5 24. Rd3 Bg6 25. Re1 Qa6
26. c4 Bxd3+ 27. Kxd3 Qg6+ 28. Kc3 Qb6 29. Kc2 Qg6+ 30. Kc3 Qf6+ 31. Kc2
Qg6+ 32. Kc3 1/2-1/2

[Event "Spanish Championship"]
[Site "Las Palmas Gran Canaria"]
[Date "2017.09.30"]
[Round "2"]
[White "Prado Acebo, Ines"]
[Black "Garza Marco, Sergio"]
[Result "0-1"]
[WhiteTitle "WFM"]
[BlackTitle "IM"]
[WhiteElo "2104"]
[BlackElo "2409"]
[Board "22"]
[WhiteCountry "ESP"]
[WhiteFideId "22251235"]
[WhiteEloChange "-3"]
[BlackCountry "ESP"]
[BlackFideId "2210177"]
[BlackEloChange "1"]

1. d4 d5 2. c4 Nc6 3. cxd5 Qxd5 4. Nf3 e5 5. Nc3 Bb4 6. a3 Bxc3+ 7. bxc3 e4
8. Nd2 Nf6 9. e3 O-O 10. Rb1 a6 11. g3 h5 12. c4 Qf5 13. h3 Re8 14. Bb2 Ne7
15. Bg2 Ng6 16. O-O h4 17. g4 Qg5 18. Kh1 Nf8 19. Rg1 N8h7 20. Bc3 Qg6 21.
Qe2 Ng5 22. Rb3 Rb8 23. Ba5 b6 24. c5 Nd5 25. cxb6 cxb6 26. Nc4 Qe6 27.
Rgb1 b5 28. a4 Bd7 29. Ne5 b4 30. Nxd7 Qxd7 31. Bxb4 Qxa4 32. Qb2 Nxb4 33.
Rxb4 Rxb4 34. Qxb4 Qxb4 35. Rxb4 Ra8 36. d5 a5 37. Ra4 Kf8 38. Kg1 Ke7 39.
Bxe4 0-1

[Event "Spanish Championship"]
[Site "Las Palmas Gran Canaria"]
[Date "2017.09.30"]
[Round "2"]
[White "Alvarado Diaz, Alejandro"]
[Black "Perez Garcia, Roberto"]
[Result "1/2-1/2"]
[WhiteTitle "IM"]
[WhiteElo "2407"]
[BlackElo "2104"]
[Board "23"]
[WhiteCountry "ESP"]
[WhiteFideId "2276119"]
[WhiteEloChange "-4"]
[BlackCountry "ESP"]
[BlackFideId "2217708"]
[BlackEloChange "7"]

1. e4 Nc6 2. Nc3 Nf6 3. Nf3 d6 4. d4 g6 5. h3 Bg7 6. Be3 O-O 7. Qd2 e5 8.
d5 Ne7 9. g3 c6 10. Bg2 cxd5 11. exd5 Nf5 12. O-O Nxe3 13. Qxe3 Nh5 14. Nd2
f5 15. Ne2 f4 16. Qa3 b5 17. c4 b4 18. Qb3 Rb8 19. Kh2 a5 20. Ne4 a4 21.
Qd3 Bf5 22. Ng1 Bxe4 23. Bxe4 Nf6 24. Nf3 Nd7 25. Qe2 Nc5 26. Kg2 fxg3 27.
fxg3 Qe7 28. h4 a3 29. b3 Bf6 30. Rf2 Qd7 31. Nh2 Bg7 32. Raf1 Rxf2+ 33.
Rxf2 Rf8 34. Rxf8+ Kxf8 35. Bc2 Qf7 36. Qe1 Qb7 37. Nf3 Bf6 38. Nd2 Kg7 39.
h5 Bd8 40. hxg6 hxg6 41. Ne4 Nxe4 42. Qxe4 1/2-1/2